| 000 | 00845nam a22002537a 4500 | ||
|---|---|---|---|
| 999 |
_c3698 _d3698 |
||
| 003 | AR-CdUCM | ||
| 008 | 190307b ||||| |||| 00| 0 spa d | ||
| 020 | _a84-7232-326-9 | ||
| 040 |
_aMUNICIPALIDAD PROVINCIAL DEL CUSCO _cBIBLIOTECA MUNICIPAL DEL CUSCO |
||
| 041 | _hpor | ||
| 082 |
_a869.469 / _bT73 |
||
| 100 |
_aRocha, Adolfo _911991 |
||
| 245 | _aPoemas ibéricos / | ||
| 260 |
_aMadrid : _bCultura Hispánica : Instituto de Cooperación Iberoamericana, _c1984. |
||
| 300 |
_a173 páginas ; _c15 cm. |
||
| 505 | _aIberia -- La Tierra -- La raza -- Hado -- La Vida -- El pan... | ||
| 650 |
_aPoesía _9444 |
||
| 650 |
_aPortugués _911992 |
||
| 650 |
_a Miguel Torga _911993 |
||
| 700 |
_aMiguel Torga _911994 |
||
| 700 |
_atraducción, prólogo y notas de Pilar Vásquez Cuestás. _911995 |
||
| 942 |
_2ddc _cLIBROS |
||
| 945 | _admma | ||